| 000 | 01013cam a22002771 4500 | ||
|---|---|---|---|
| 999 |
_c27493 _d27493 |
||
| 001 | 9382102 | ||
| 003 | OSt | ||
| 005 | 20170208154253.0 | ||
| 008 | 751222s1963 mauach b 000 0 eng | ||
| 010 | _a 63011390 | ||
| 035 | _a(OCoLC)1900190 | ||
| 040 |
_aDLC _cRUn _dOCoLC _dNSyU _dDLC |
||
| 042 | _apremarc | ||
| 050 | 0 | 0 |
_aNC1135 _b.R578 1963 |
| 082 | _a741.944 | ||
| 100 | 1 | _aGeissbuhler, Elisabeth Chase. | |
| 245 | 0 | 0 |
_aRodin: later drawings. _cWith interpretations by Antoine Bourdelle. Text and translations by Elisabeth Chase Geissbuhler. |
| 260 |
_aBoston, _bBeacon Press _c[1963] |
||
| 300 |
_a105 p. _billus., port., facsims. _c25 cm. |
||
| 504 | _aBibliographical references included in "Notes" (p. 100-102) | ||
| 600 | 1 | 0 |
_aRodin, Auguste, _d1840-1917. |
| 700 | 1 |
_aBourdelle, Emile Antoine, _d1861-1929. |
|
| 906 |
_a7 _bcbc _coclcrpl _du _encip _f19 _gy-gencatlg |
||
| 942 |
_2lcc _cBOOKS _hNC 1135 .R578 1963 |
||